00778 2200265 4500001002100000005001700021008004100038020002200079035002500101040001200126082001000138084001800148100001600166245010200182250001100284260003400295300003400329504002500363650003700388700002100425850001200446990001800458990001800476990001800494INLIS00000000000774520150707135947.0  a978-602-7948-44-0 a0010-071500000000428 aYOPDYOG a371.2 aQ 371.2 Ond M aONDI SAONDI aMembangun manajemen pendidikan berbasis sistim informasic/ Ondi Saondi; editor, Nurul Falah Atif aCet. 1 aBandungbRefika Aditamac2014 ax, 186 hlm.b: ilus.c; 26 cm aTermasuk Bibliografi aManajemen dan organisasi sekolah aNurul Falah Atif aYOPDYOG a14160-PD/B.15 a14161-PD/B.15 a14162-PD/B.15